Tilastot visalle Pohjoismaisia kaupunkeja kartalla

Klikkaa tästä pelataksesi tätä visaa!

Yleistilastot

  • Tätä visaa on pelattu 9 212 kertaa
  • Keskiarvotulos 9 / 12

Vastaukset kartalla

Vastauksille on annettu kartalla punavihreä väri sen mukaan, kuinka moni on saanut sen oikein.
Ladataan ...
 

Vastaustilastot

Vastaus% Oikein
Reykjavík
94%
Helsinki
93%
Oulu
93%
Tukholma
89%
Oslo
88%
Kööpenhamina
77%
Uumaja
75%
Göteborg
71%
Visby
63%
Bergen
56%
Hammerfest
55%
Aalborg
33%

Tulosjakauma

Persentiili vastausten määrän mukaan

Jokaisen tuloksen saaneiden osuus

Tuloshistoriasi

Et ole pelannut tätä visaa